00534nam a2200169Ia 4500008004100000040001900041041001200060082002500072100002100097245008900118260004400207300002500251440003700276504001900313650001400332850001800346131103s9999 xx 000 0 und d aLoreto College aEnglish a915/LEObLCBED/10163 aLeong, Goh Cheng aCertificate physical and human geographycGoh Cheng Leong; edited by A. E. T. Barrow aCalcuttabOxford University Pressc1976 a105p.b ill.c 23cm. aNew oxford progressive geography aIncludes index aGeography aLCBED/915/LEO